000 00210nam a22000977a 4500
003 OSt
008 211204b ||||| |||| 00| 0 eng d
082 _a519.062
_bGRE/HI
245 _aHigher engineering
942 _cBK
999 _c17458
_d17458